Celebrities Playing Guitar Quiz Stats

Quiz Updated Feb 28, 2016

Challenge
Share
Tweet
Score 0/20 Timer 07:00
1 Play Today
% Correct
Johnny Depp
97.4%
Leonard Nimoy
91.2%
Adam Sandler
90.5%
Dwayne 'The Rock' Johnson
89.9%
Hulk Hogan
87.8%
Anne Hathaway
84%
Michael J. Fox
83.5%
Meryl Streep
83.3%
Jennifer Lawrence
83.2%
Sandra Bullock
81.7%
% Correct
Richard Gere
78.6%
Russell Crowe
73.5%
Gwyneth Paltrow
73.3%
Keira Knightley
61.4%
Ryan Gosling
48.1%
Amanda Seyfried
46.2%
Jennifer Love Hewitt
42.6%
Pelé
34.7%
Gisele Bündchen
28.4%
Cara Delevingne
15.6%

You're not logged in!

Compare scores with friends on all Sporcle quizzes.
Sign Up with Email
OR
Log In

You Might Also Like...

Show Comments

Extras

Top Quizzes Today


Score Distribution

Your Account Isn't Verified!

In order to create a playlist on Sporcle, you need to verify the email address you used during registration. Go to your Sporcle Settings to finish the process.